00319nam a2200133Ia 4500008004100000100001200041245002700053250001200080260005000092300000800142650001300150942000700163999001500170190216s9999||||xx |||||||||||||| ||und|| aA.Vinod 0aInter National Finance a1st Ed. bCalicut University Central Co-Operativec2006 a286 aCommerce cBK c8164d8164